Responses for Show #1256 - Monday, February 5, 1990

1990 Teen Tournament quarterfinal game 1.

Contestants

[<< previous game]

Kate Veksler, a senior from Lower Merion High School

Andrew McGeorge, a senior from Topeka, Kansas

Jennifer Dikes, a junior from Eleanor Roosevelt High School

[next game >>]

Jeopardy! Round responses

WORLD GEOGRAPHY
COOKING
TV PLANETS
FICTION
FIRST AID
ANAGRAMS
    $100 1
Spain

Kate
    $100 2
rotisserie

Kate
    $100 8
Vulcan

Kate
    $100 26
(The Adventures of) Tom Sawyer

Jennifer
    $100 21
hypothermia

Kate
    $100 13
brain (from Brian)

Andrew
    $200 4
Madagascar

Andrew
    $200 3
taffy

Andrew
    $1,000 12
(Alex: That was Superboy with Lana Lang.)

Krypton

Andrew
    $200 27
Uncle Tom's Cabin

Andrew
    $200 22
running under cold water (washing)

Kate
    $200 14
Easter (from Teresa)

Andrew
    $300 5
Pacific Ocean & Indian Ocean

Andrew
    $300 9
vichyssoise

Kate
    $300 18
Ork

Jennifer
    $300 28
turtle soup

Triple Stumper
    $300 23
shock

Kate
    $300 15
slime (from Miles)

Andrew
    $400 6
Amsterdam

Andrew
    $400 10
hibachi

Andrew
    $400 19
War of the Worlds

Andrew
    $400 29
Ishmael

Jennifer
    $400 24
antidote

Kate
    $400 16
oars (from Rosa)

Jennifer
    $500 7
Ecuador (or Chile)

Jennifer
    $500 11
clam bake

Andrew
    $500 20
Time Lords

Triple Stumper
    $500 30
Tom Brown

Kate
    $500 25
(Alex: Right, you ran the category, nicely done.)
(Applause)

baking soda

Kate
    $500 17
Jay Leno (from Joy Lane)

Jennifer

Scores at the first commercial break (after clue 12):

Jennifer Andrew Kate
$500 $3,000 $600

Scores at the end of the Jeopardy! Round:

Jennifer Andrew Kate
$2,200 $4,200 $2,600

Double Jeopardy! Round responses

IN THE NEWS
SCIENCE
19th CENTURY AMERICA
RELIGION
POETS
ESKIMOS
    $200 4
Berlin Wall

Jennifer
    $200 8
chromosomes

Jennifer
    $200 16
presidential elections

Jennifer
    $200 21
(Andrew: What are gods?)

angels

AndrewKate
    $200 1
Longfellow

Jennifer
    $200 26
kayak

Andrew
    $400 7
Eastern Airlines

Kate
    $400 9
isotope

Kate
    $400 17
U.S. Military Academy (West Point)

Andrew
    $400 22
the Pope

Jennifer
    $400 2
Walt Whitman

Jennifer
    $400 27
igloos

Kate
    $600 11
Czechoslovakia

Andrew
    $600 10
(Kate: What is citric acid?)
(Jennifer: What is acerbic acid?)

ascorbic acid

JenniferAndrewKate
    $600 18
musical notes

Kate
    $600 23
Friends

Jennifer
    $600 3
Carl Sandburg

Andrew
    $600 28
kissing

Jennifer
    $2,000 12
liver

Andrew
    $800 14
mercury

Andrew
    $800 19
Henry Clay

Andrew
    $800 24
the Buddha

Jennifer
    $800 5
Edgar Allan Poe

Jennifer
    $800 29
Inuit

Triple Stumper
    $1000 13
Lebanon

Triple Stumper
    $1000 15
theory of spontaneous generation

Kate
    $1000 20
Clarence Darrow

Kate
    $1000 25
(Kate: What is the Pentecost?)

Epiphany

JenniferKate
    $1000 6
Robert Burns

Jennifer
    $2,000 30
(Jennifer: What is Newfoundland?)

Greenland

Jennifer

Scores at the end of the Double Jeopardy! Round:

Jennifer Andrew Kate
$6,000 $10,000 $5,000

Final Jeopardy! Round responses

FAMOUS QUOTES
KateWhat is who is that masked man?
$4,999
JenniferWhat is "Livingston I presume?"
$2,000
AndrewWhat is "Dr. Livingston I presume?
$2
"Dr. Livingstone, I presume?"

Final scores:

Jennifer Andrew Kate
$4,000 $10,002 $1
2nd place: $1,000 if eliminated Automatic semifinalist 3rd place: $1,000 if eliminated

Game dynamics:

Coryat scores:

Jennifer Andrew Kate
$8,000 $8,000 $5,000
18 R,
2 W
(including 1 DD)
20 R
(including 2 DDs),
1 W
17 R,
2 W

Combined Coryat: $21,000

[game clues] [game scores] [suggest correction]

Game tape date: 1990-01-06
The J! Archive is created by fans, for fans. Scraping, republication, monetization, and malicious use prohibited; this site may use cookies and collect identifying information. See terms. The Jeopardy! game show and all elements thereof, including but not limited to copyright and trademark thereto, are the property of Jeopardy Productions, Inc. and are protected under law. This website is not affiliated with, sponsored by, or operated by Jeopardy Productions, Inc. Join the discussion at JBoard.tv.